000 01073naa a22003017a 4500
001 BR6009381
003 BR-BrBNA
005 20240918173013.0
007 ta
008 230509b bl.||||| |||| 00| 0 por d
040 _aBR-BrBNA
_bpor
_cBiblioteca Nacional de Agricultura
041 _a(Pt)
072 _aL00
_b7110
_b9340
_b4430
_bG514
090 _aL00 BR6009381
100 1 _aWiese, H.
111 1 _a1. Congresso Brasileiro de Apicultura
_cFlorianopolis, SC (Brazil)
_d8 May 1970
245 1 _aAbelhas africanas, suas caracteristicas e tecnologia de manejo [Producao animal; Apis Mellifera]
260 3 _aFlorianopolis, SC (Brasil):
_c1970.
500 _a1. Congresso Brasileiro de Apicultura Florianopolis, SC (Brasil): 1970. p. 95-108 (BR6009381-AM)L00
650 _aProducao animal
650 _aAbelha africana
650 _aMel
650 _aApiario
650 _aManejo
773 0 _t1. Congresso Brasileiro de Apicultura
_wL00 BR6009381
_gFlorianopolis, SC (Brasil), 1970. p. 95-108
909 _a202404
_bLucia
_c55
_dLucia Elande
942 _cAM
_2AGRIS
999 _c302466
_d302466